00606nam a2200169Ia 4500003000900000008004100009040001600050080002500066110003300091245015400124260005000278500002800328650001300356650002800369650001800397650002100415IN-BaIIA211028s9999 xx 000 0 eng d cIIA Library a083.7:696.141.5bISI aIndian Standards Institution 0aIndian standard specification for vitreous sanitary appliances (vitreous China)bpt. 9, specific requirements of bidetscIndian Standards Institution aNew DelhibIndian Standards Institutionc1972 aIS 2556 : Part 9 : 1972 a Bidets a Sanitary Appliances  a Standards  aNASA Thesaurus